|
|
|
|
| LEADER |
01212nam a2200277 a 4500 |
| 001 |
25992 |
| 003 |
BD-DhAAL |
| 008 |
120924r2011 si b 001 0 eng d |
| 999 |
|
|
|c 12843
|d 12843
|
| 020 |
|
|
|a 9780538733281
|
| 020 |
|
|
|a 0538733284
|
| 040 |
|
|
|a BD-DhAAL
|c BD-DhAAL
|
| 082 |
0 |
0 |
|a 547/.0078
|2 23
|
| 245 |
0 |
0 |
|a Introduction to organic laboratory techniques :
|b a small-scale approach /
|c Randall G Engel [et..al]
|
| 250 |
|
|
|a 3rd ed.
|
| 260 |
|
|
|a Singapore :
|b Brooks/Cole, Cengage Learning,
|c 2011
|
| 300 |
|
|
|a xviii, 1006 p. :
|b ill. ;
|c 28 cm.
|
| 504 |
|
|
|a Includes bibliographical references and indexes.
|
| 541 |
|
|
|a 00025992
|
| 650 |
1 |
2 |
|a Chemistry, Organic
|v Laboratory manuals.
|9 44183
|
| 650 |
1 |
2 |
|a Pharmacy.
|9 44184
|
| 700 |
1 |
|
|a Engel,Randall G.
|9 44185
|
| 852 |
1 |
|
|a Ayesha Abed Library
|j General shelf
|
| 942 |
|
|
|2 ddc
|c BK
|
| 952 |
|
|
|0 0
|1 0
|4 0
|6 547_007800000000000_INT
|7 0
|9 21145
|a BRACUL
|b BRACUL
|c GEN
|d 2012-09-24
|e Trim Education
|g 5675.00
|l 1
|m 8
|o 547.0078 INT
|p 3010025992
|r 2022-08-02
|s 2022-05-30
|t 1
|w 2012-09-24
|y BK
|
| 952 |
|
|
|0 0
|1 0
|4 0
|6 547_007800000000000_INT
|7 0
|9 21146
|a BRACUL
|b BRACUL
|c GEN
|d 2012-09-24
|e Trim Education
|g 5675.00
|l 1
|m 11
|o 547.0078 INT
|p 3010025993
|r 2023-10-30
|s 2023-07-31
|t 2
|w 2012-09-24
|y BK
|